Právní podmínky podnikání zahraničních osob na území ČSFR.
Prehľad právnej úpravy podnikania, ako sa dotkne podnikania zahraničných osôb na území ČSFR. Východiská a pramene právnej úpravy. Priame a nepriame podnikanie zahraničných osôb. Prechod už podnikajúcich na nový právny režim. Dôsledky možnosti registrovať právnu osobu, založenú podľa cudzieho práva.
Salvato in:
| Autore principale: | |
|---|---|
| Natura: | Capitolo di libro |
| Lingua: | ceco |
| Soggetti: | |
| Tags: |
Nessun Tag, puoi essere il primo ad aggiungerne!!
|
MARC
| LEADER | 00000naa a2200000 4500 | ||
|---|---|---|---|
| 001 | r008087 | ||
| 005 | 20220831085246.6 | ||
| 041 | 0 | |a cze | |
| 044 | |a [CS] | ||
| 245 | 1 | 0 | |a Právní podmínky podnikání zahraničních osob na území ČSFR. |c J. Dědič |
| 520 | |a Prehľad právnej úpravy podnikania, ako sa dotkne podnikania zahraničných osôb na území ČSFR. Východiská a pramene právnej úpravy. Priame a nepriame podnikanie zahraničných osôb. Prechod už podnikajúcich na nový právny režim. Dôsledky možnosti registrovať právnu osobu, založenú podľa cudzieho práva. | ||
| 610 | 2 | 0 | |a zákony |
| 610 | 2 | 0 | |a ČSFR |
| 610 | 2 | 0 | |a 1991 |
| 610 | 2 | 0 | |a podnikatelia |
| 610 | 2 | 0 | |a pracovníci zahraniční |
| 610 | 2 | 0 | |a podmienky pracovné |
| 610 | 2 | 0 | |a predpisy právne |
| 610 | 2 | 0 | |a podnikanie |
| 100 | 1 | |a Dědič, J. | |